Guess the 'B' Things in 3 Words Quiz Stats

 Plays Quiz Updated Apr 12, 2020

Support Sporcle.
Go Orange.
Score 0/30 Timer 03:00
1 Play Today
% Correct
Blood
84.9%
Baldwin
84.1%
Birthstone
83.4%
Boulevard
83.3%
Borough
81.5%
Brontë
80.3%
Beethoven
78.6%
Blackjack
78.4%
Bread
74.9%
Bond
73.4%
Bass
70.7%
Blue
68.7%
Bone
67.4%
Bacon
65.3%
Bobby
63.3%
% Correct
Ball
61.2%
Bert
55.5%
Br'er
55.2%
Ballet
51.9%
Baltic
51.2%
Boston
50.6%
Bach
50.4%
Black
47.8%
Blake
45.9%
Bike
45.6%
Billy
44.5%
Burl
43.3%
Brigadoon
42.4%
Bean
41.3%
Boat
33%

You're not logged in!

Compare scores with friends on all Sporcle quizzes.
OR
Log In

From the Vault

What Movie? Back to the Camera IV

by Larryholmes79

Posture and gait are important in these situations.
Remove Ads.
Support Sporcle.
Get the best of Sporcle when you Go Orange. This ad-free experience offers more features, more stats, and more fun while also helping to support Sporcle. Thank you for becoming a member.

Show Comments

Extras

Top Quizzes Today


Score Distribution

Your Account Isn't Verified!

In order to create a playlist on Sporcle, you need to verify the email address you used during registration. Go to your Sporcle Settings to finish the process.

Report this User

Report this user for behavior that violates our Community Guidelines.

Details: